[Event "HSG Open 2016"]
[Site "Hilversum"]
[Date "2016.06.18"]
[Round "3.10"]
[White "Bekedam, Tyro"]
[Black "Brink, Barry"]
[Result "1/2-1/2"]
[BlackElo "2324"]
[WhiteElo "1931"]
[LiveChessVersion "1.4.8"]

1. e4 {[%clk 1:50:17]} c5 {[%clk 1:02:02]} 2. Nf3 {[%clk 1:50:00]} e6
{[%clk 1:01:42]} 3. d4 {[%clk 1:49:47]} cxd4 {[%clk 1:01:38]} 4. Nxd4
{[%clk 1:49:50]} Nc6 {[%clk 1:01:33]} 5. Nc3 {[%clk 1:49:18]} Qc7
{[%clk 1:01:36]} 6. Be3 {[%clk 1:48:37]} Nf6 {[%clk 1:01:35]} 7. Qd2
{[%clk 1:43:47]} Bb4 {[%clk 1:00:10]} 8. f3 {[%clk 1:42:24]} Nxd4
{[%clk 1:00:04]} 9. Qxd4 {[%clk 1:38:36]} Bxc3+ {[%clk 0:59:57]} 10. bxc3
{[%clk 1:37:51]} O-O {[%clk 0:59:38]} 11. c4 {[%clk 1:36:02]} e5 {[%clk 0:55:22]}
12. Qd2 {[%clk 1:33:53]} d6 {[%clk 0:51:52]} 13. Bd3 {[%clk 1:28:27]} Be6
{[%clk 0:49:10]} 14. Qb4 {[%clk 1:27:16]} Rfc8 {[%clk 0:48:27]} 15. O-O
{[%clk 1:21:25]} Ne8 {[%clk 0:38:16]} 16. f4 {[%clk 1:15:56]} b6 {[%clk 0:33:06]}
17. a4 {[%clk 1:09:33]} Bxc4 {[%clk 0:32:45]} 18. a5 {[%clk 1:08:06]} b5
{[%clk 0:28:57]} 19. a6 {[%clk 1:04:13]} Qc6 {[%clk 0:25:13]} 20. Ra5
{[%clk 1:02:09]} Nf6 {[%clk 0:19:17]} 21. fxe5 {[%clk 0:50:05]} Ng4
{[%clk 0:11:58]} 22. Bd4 {[%clk 0:34:12]} dxe5 {[%clk 0:10:47]} 23. h3
{[%clk 0:32:55]} exd4 {[%clk 0:09:50]} 24. hxg4 {[%clk 0:32:54]} Qe6
{[%clk 0:07:30]} 25. Rf5 {[%clk 0:30:49]} g6 {[%clk 0:06:46]} 26. Rc5
{[%clk 0:28:52]} Rab8 {[%clk 0:05:45]} 27. Ra1 {[%clk 0:23:43]} Qxg4
{[%clk 0:04:52]} 28. Bxc4 {[%clk 0:22:43]} bxc4 {[%clk 0:05:00]} 29. Qxc4
{[%clk 0:22:44]} Rxc5 {[%clk 0:03:32]} 30. Qxc5 {[%clk 0:22:50]} Qd7
{[%clk 0:03:41]} 31. Rd1 {[%clk 0:22:09]} Rc8 {[%clk 0:03:38]} 32. Rxd4
{[%clk 0:21:00]} Qg4 {[%clk 0:00:24]} 33. Qe5 {[%clk 0:20:31]} Qh4
{[%clk 0:00:16]} 34. g3 {[%clk 0:20:03]} Qg4 {[%clk 0:00:15]} 35. Rd2
{[%clk 0:19:58]} h5 {[%clk 0:00:16]} 36. Kh2 {[%clk 0:19:10]} h4 {[%clk 0:00:22]}
37. gxh4 {[%clk 0:18:26]} Qxh4+ {[%clk 0:00:31]} 38. Kg2 {[%clk 0:18:29]} Qg4+
{[%clk 0:00:34]} 39. Kh2 {[%clk 0:17:47]} Qh4+ {[%clk 0:00:23]} 40. Kg2
{[%clk 0:17:51]} Qe1 {[%clk 0:00:22]} 41. Qd4 {[%clk 0:16:26]} Re8
{[%clk 0:00:16]} 42. Kf3 {[%clk 0:15:56]} Qh1+ {[%clk 0:00:22]} 43. Ke3
{[%clk 0:15:25]} Qg1+ {[%clk 0:00:16]} 44. Kf3 {[%clk 0:14:59]} Qf1+
{[%clk 0:00:24]} 45. Rf2 {[%clk 0:14:16]} Qh1+ {[%clk 0:00:13]} 46. Ke3
{[%clk 0:14:14]} Qh6+ {[%clk 0:00:14]} 47. Kd3 {[%clk 0:13:42]} Qh4
{[%clk 0:00:23]} 48. Ke3 {[%clk 0:13:04]} Qg5+ {[%clk 0:00:30]} 49. Kf3
{[%clk 0:12:49]} Qh5+ {[%clk 0:00:16]} 50. Ke3 {[%clk 0:12:54]} Qg5+
{[%clk 0:00:17]} 51. Kf3 {[%clk 0:13:00]} Rd8 {[%clk 0:00:22]} 52. Qc4
{[%clk 0:11:41]} Qh5+ {[%clk 0:00:23]} 53. Ke3 {[%clk 0:11:45]} Qg5+
{[%clk 0:00:29]} 54. Kf3 {[%clk 0:11:50]} Rd1 55. Qc8+ {[%clk 0:11:40]} Rd8
{[%clk 0:00:16]} 56. Qc4 {[%clk 0:11:46]} Qh5+ {[%clk 0:00:11]} 57. Ke3
{[%clk 0:11:51]} Qh3+ {[%clk 0:00:11]} 58. Ke2 {[%clk 0:11:31]} Qd7
{[%clk 0:00:19]} 59. Ke3 {[%clk 0:11:20]} Re8 {[%clk 0:00:14]} 60. Rf3
{[%clk 0:10:45]} Qe7 {[%clk 0:00:12]} 61. Rg3 {[%clk 0:10:13]} Qf6
{[%clk 0:00:15]} 62. Rf3 {[%clk 0:10:01]} Qg5+ {[%clk 0:00:22]} 63. Ke2
{[%clk 0:09:21]} Qg2+ {[%clk 0:00:23]} 64. Ke3 {[%clk 0:09:18]} Qg5+
{[%clk 0:00:14]} 65. Ke2 {[%clk 0:09:25]} Qe7 {[%clk 0:00:14]} 66. Ke3
{[%clk 0:09:28]} Qg5+ {[%clk 0:00:14]} 1/2-1/2

[Event "HSG Open 2016"]
[Site "Hilversum"]
[Date "2016.06.18"]
[Round "3.11"]
[White "Cheung, Jan"]
[Black "Pedersen, Daniel Vesterbae"]
[Result "1/2-1/2"]
[BlackElo "2268"]
[WhiteElo "2043"]
[LiveChessVersion "1.4.8"]

1. d4 {[%clk 1:50:17]} Nf6 {[%clk 1:50:13]} 2. c4 {[%clk 1:50:18]} e6
{[%clk 1:50:19]} 3. Nf3 {[%clk 1:50:10]} d5 {[%clk 1:50:13]} 4. g3
{[%clk 1:49:59]} Bb4+ {[%clk 1:50:09]} 5. Bd2 {[%clk 1:49:56]} Bd6
{[%clk 1:50:03]} 6. Bg2 {[%clk 1:49:05]} c6 {[%clk 1:49:57]} 7. Qc2
{[%clk 1:45:53]} Nbd7 {[%clk 1:49:42]} 8. O-O {[%clk 1:45:08]} O-O
{[%clk 1:49:26]} 9. Bg5 {[%clk 1:41:22]} h6 {[%clk 1:49:20]} 10. Bxf6
{[%clk 1:41:20]} Nxf6 {[%clk 1:49:24]} 11. Nc3 {[%clk 1:39:19]} b6
{[%clk 1:49:10]} 12. e4 {[%clk 1:36:23]} Be7 {[%clk 1:49:12]} 13. e5
{[%clk 1:34:56]} Nd7 {[%clk 1:49:17]} 14. Rfe1 {[%clk 1:32:09]} Bb7
{[%clk 1:34:40]} 15. Rad1 {[%clk 1:30:32]} Re8 {[%clk 1:28:27]} 16. a3
{[%clk 1:23:55]} Qc7 {[%clk 1:24:53]} 17. cxd5 {[%clk 1:10:01]} cxd5
{[%clk 1:24:20]} 18. Bf1 {[%clk 1:09:32]} a6 {[%clk 1:14:41]} 19. Qd2
{[%clk 1:03:12]} Rec8 {[%clk 1:12:32]} 20. Rc1 {[%clk 1:01:51]} Qd8
{[%clk 1:12:20]} 21. h4 {[%clk 1:00:39]} b5 {[%clk 1:12:08]} 22. Bd3
{[%clk 0:54:06]} b4 {[%clk 1:09:53]} 23. axb4 {[%clk 0:53:01]} Bxb4
{[%clk 1:09:52]} 24. g4 {[%clk 0:52:03]} Nf8 {[%clk 0:49:27]} 25. Kg2
{[%clk 0:40:05]} a5 {[%clk 0:49:16]} 26. Rh1 {[%clk 0:34:52]} a4 {[%clk 0:48:23]}
27. Qe2 {[%clk 0:26:03]} a3 {[%clk 0:45:15]} 28. Na2 {[%clk 0:23:42]} Rxc1
{[%clk 0:38:08]} 29. Rxc1 {[%clk 0:23:24]} Be7 30. Rh1 {[%clk 0:19:54]} Qb6
{[%clk 0:29:10]} 31. bxa3 {[%clk 0:18:32]} Rxa3 {[%clk 0:23:22]} 32. Rb1
{[%clk 0:15:47]} Qa7 {[%clk 0:23:23]} 33. Nc1 {[%clk 0:14:31]} Bc6
{[%clk 0:20:03]} 34. Rb3 {[%clk 0:11:37]} Ba4 {[%clk 0:16:58]} 35. Rxa3
{[%clk 0:11:01]} Bxa3 {[%clk 0:17:06]} 36. Qd2 {[%clk 0:10:04]} Qb6
{[%clk 0:14:07]} 37. Ne2 {[%clk 0:09:25]} Qb2 {[%clk 0:10:38]} 38. Qxb2
{[%clk 0:08:45]} Bxb2 {[%clk 0:10:47]} 39. h5 {[%clk 0:07:37]} f6
{[%clk 0:10:03]} 40. exf6 {[%clk 0:05:28]} gxf6 {[%clk 0:10:12]} 41. Kf1
{[%clk 0:05:06]} Kf7 {[%clk 0:04:58]} 42. Ke1 {[%clk 0:04:39]} e5
{[%clk 0:05:04]} 43. Bf5 {[%clk 0:03:26]} Bb5 {[%clk 0:04:22]} 44. Kd2
{[%clk 0:02:16]} Ne6 {[%clk 0:04:13]} 45. dxe5 {[%clk 0:01:22]} fxe5
{[%clk 0:04:21]} 46. Nc3 {[%clk 0:00:56]} Bxc3+ {[%clk 0:03:15]} 47. Kxc3
{[%clk 0:01:04]} d4+ {[%clk 0:03:24]} 48. Kb4 {[%clk 0:01:02]} Be2
{[%clk 0:03:07]} 1/2-1/2

[Event "HSG Open 2016"]
[Site "Hilversum"]
[Date "2016.06.18"]
[Round "3.12"]
[White "Hess, Stefan"]
[Black "Kuipers, Stefan"]
[Result "0-1"]
[BlackElo "2409"]
[WhiteElo "1913"]
[LiveChessVersion "1.4.8"]

1. e4 {[%clk 1:50:13]} d6 {[%clk 1:50:11]} 2. d4 {[%clk 1:49:58]} Nf6
{[%clk 1:50:15]} 3. Nc3 {[%clk 1:49:37]} e5 {[%clk 1:50:20]} 4. Nf3
{[%clk 1:47:31]} Nbd7 {[%clk 1:50:24]} 5. Bc4 {[%clk 1:47:26]} Be7
{[%clk 1:50:28]} 6. O-O {[%clk 1:47:02]} O-O {[%clk 1:50:33]} 7. h3
{[%clk 1:38:28]} c6 {[%clk 1:49:34]} 8. dxe5 {[%clk 1:36:51]} dxe5
{[%clk 1:49:27]} 9. a3 {[%clk 1:35:33]} Qc7 {[%clk 1:48:50]} 10. Qe2
{[%clk 1:34:26]} a5 {[%clk 1:47:40]} 11. Be3 {[%clk 1:26:25]} b5 {[%clk 1:45:13]}
12. Bb3 {[%clk 1:24:33]} Ba6 {[%clk 1:44:34]} 13. Nd1 {[%clk 1:10:57]} Nxe4
{[%clk 1:43:29]} 14. Bb6 {[%clk 1:07:57]} Qxb6 {[%clk 1:39:22]} 15. Qxe4
{[%clk 1:05:05]} Bf6 {[%clk 1:28:54]} 16. Ne3 {[%clk 0:54:58]} Nc5
{[%clk 1:28:01]} 17. Qf5 {[%clk 0:46:37]} Bc8 {[%clk 1:26:16]} 18. Qh5
{[%clk 0:46:17]} g6 {[%clk 1:26:11]} 19. Qh6 {[%clk 0:45:46]} Bg7
{[%clk 1:26:15]} 20. Qh4 {[%clk 0:45:15]} Nxb3 {[%clk 1:26:00]} 21. cxb3
{[%clk 0:44:49]} f5 {[%clk 1:23:52]} 22. Rad1 {[%clk 0:38:22]} Qc7
{[%clk 1:15:17]} 23. Rd2 {[%clk 0:33:51]} Bf6 {[%clk 1:11:49]} 24. Qh6
{[%clk 0:32:58]} Qe7 {[%clk 1:11:08]} 25. Rfd1 {[%clk 0:29:06]} e4
{[%clk 1:07:57]} 26. Nd4 {[%clk 0:27:35]} Bg5 {[%clk 1:07:47]} 27. Nxc6
{[%clk 0:25:44]} Qf6 {[%clk 1:07:53]} 28. Qxf8+ {[%clk 0:20:11]} Qxf8
{[%clk 1:07:29]} 29. Rd8 {[%clk 0:20:14]} Bxd8 {[%clk 1:07:32]} 30. Rxd8
{[%clk 0:20:20]} Qxd8 {[%clk 1:07:14]} 0-1

[Event "HSG Open 2016"]
[Site "Hilversum"]
[Date "2016.06.18"]
[Round "4.1"]
[White "Beerdsen, Thomas"]
[Black "Pruijssers, Roeland"]
[Result "0-1"]
[BlackElo "2465"]
[WhiteElo "2396"]
[LiveChessVersion "1.4.8"]

1. e4 {[%clk 1:50:17]} e5 {[%clk 1:50:10]} 2. Nf3 {[%clk 1:50:20]} Nc6
{[%clk 1:50:14]} 3. Bb5 {[%clk 1:50:24]} a6 {[%clk 1:50:18]} 4. Ba4
{[%clk 1:50:26]} Nf6 {[%clk 1:50:21]} 5. O-O {[%clk 1:49:29]} Nxe4
{[%clk 1:50:09]} 6. d4 {[%clk 1:49:23]} b5 {[%clk 1:50:13]} 7. Bb3
{[%clk 1:49:31]} d5 {[%clk 1:50:17]} 8. dxe5 {[%clk 1:49:34]} Be6
{[%clk 1:50:21]} 9. c3 {[%clk 1:49:31]} Bc5 {[%clk 1:48:54]} 10. Nbd2
{[%clk 1:48:23]} O-O {[%clk 1:48:29]} 11. Bc2 {[%clk 1:42:36]} Bf5
{[%clk 1:47:42]} 12. Nb3 {[%clk 1:41:41]} Bg6 {[%clk 1:47:30]} 13. a4
{[%clk 1:33:09]} Ba7 {[%clk 1:35:41]} 14. Qe2 {[%clk 1:30:26]} b4
{[%clk 1:13:01]} 15. c4 {[%clk 1:26:52]} Nxf2 {[%clk 1:11:30]} 16. Rxf2
{[%clk 1:16:21]} Bxc2 {[%clk 1:08:57]} 17. Qxc2 {[%clk 1:16:07]} dxc4
{[%clk 1:09:00]} 18. Bf4 {[%clk 1:08:17]} Qd5 {[%clk 1:01:32]} 19. Rc1
{[%clk 1:03:02]} Nxe5 {[%clk 0:49:24]} 20. Bxe5 {[%clk 1:01:37]} cxb3
{[%clk 0:49:25]} 21. Qxc7 {[%clk 0:53:49]} Rfe8 {[%clk 0:29:57]} 22. Bg3
{[%clk 0:48:47]} h6 {[%clk 0:24:07]} 23. Rcf1 {[%clk 0:28:36]} Bxf2+
{[%clk 0:21:12]} 24. Bxf2 {[%clk 0:28:12]} Rac8 {[%clk 0:21:10]} 25. Qf4
{[%clk 0:22:38]} Re4 {[%clk 0:18:53]} 26. Qg3 {[%clk 0:21:38]} Rc2
{[%clk 0:18:32]} 27. Rb1 {[%clk 0:19:14]} Ree2 {[%clk 0:11:59]} 28. Bd4
{[%clk 0:17:24]} Rxg2+ {[%clk 0:11:47]} 29. Qxg2 {[%clk 0:17:31]} Rxg2+
{[%clk 0:11:51]} 30. Kxg2 {[%clk 0:17:39]} g5 {[%clk 0:11:39]} 31. h3
{[%clk 0:17:47]} f5 {[%clk 0:09:40]} 0-1

[Event "HSG Open 2016"]
[Site "Hilversum"]
[Date "2016.06.18"]
[Round "4.2"]
[White "Ten Hertog, Hugo"]
[Black "Van de Griendt, Jan Willem"]
[Result "1/2-1/2"]
[BlackElo "2342"]
[WhiteElo "2447"]
[LiveChessVersion "1.4.8"]

1. c4 Nf6 2. g3 g6 3. Bg2 Bg7 4. Nc3 O-O 5. e4 d6 6. Nge2 c6 7. O-O a6 8. a4 a5
9. h3 Na6 10. Kh2 Nb4 11. d4 e5 12. Be3 exd4 13. Bxd4 Be6 14. b3 d5 15. cxd5 cxd5
16. e5 Nd7 17. f4 f6 18. exf6 Nxf6 19. Rc1 Qd7 20. Nb5 Rfc8 21. Nec3 Kh8 22. g4
Rf8 23. Qd2 Ra6 24. Ne2 Nc6 25. Bb2 Ne4 26. Bxe4 dxe4 27. Qxd7 Bxd7 28. Bxg7+
Kxg7 29. Rfd1 Bc8 30. Kg3 Rb6 31. Rc3 Be6 32. Rd6 Bg8 33. Kf2 Rf6 34. Rd7+ Rf7
35. Rxf7+ Bxf7 36. Ke3 Nb4 37. Kxe4 Re6+ 38. Kf3 Nd5 39. Nc7 Nxc3 40. Nxe6+ Bxe6
41. Nxc3 Bxb3 42. Ke4 Kf6 43. Kd4 h5 44. Ne4+ Ke7 45. Nc5 Bd1 46. Nxb7 hxg4 47.
hxg4 Bxa4 48. Nxa5 Kf6 49. Nc4 g5 50. f5 Bd1 51. Ne5 Bxg4 52. Nxg4+ Kxf5 53. Ke4+
Ke5+ 1/2-1/2

[Event "HSG Open 2016"]
[Site "Hilversum"]
[Date "2016.06.18"]
[Round "4.3"]
[White "Ni, Viktorija"]
[Black "Dgebuadze, Alexandre"]
[Result "1/2-1/2"]
[BlackElo "2510"]
[WhiteElo "2217"]
[LiveChessVersion "1.4.8"]

1. d4 {[%clk 1:50:16]} e6 {[%clk 1:48:54]} 2. c4 {[%clk 1:50:06]} Bb4+
{[%clk 1:47:46]} 3. Bd2 {[%clk 1:50:11]} a5 {[%clk 1:47:49]} 4. Nc3
{[%clk 1:49:33]} f5 {[%clk 1:43:59]} 5. g3 {[%clk 1:39:37]} Nf6 {[%clk 1:43:30]}
6. Bg2 {[%clk 1:38:50]} O-O {[%clk 1:43:20]} 7. Nf3 {[%clk 1:36:54]} d6
{[%clk 1:36:57]} 8. O-O {[%clk 1:36:04]} Qe7 {[%clk 1:37:03]} 9. a3
{[%clk 1:34:01]} Bxc3 {[%clk 1:37:06]} 10. Bxc3 {[%clk 1:34:03]} Ne4
{[%clk 1:32:55]} 11. Be1 {[%clk 1:31:25]} Nd7 {[%clk 1:30:25]} 12. Nd2
{[%clk 1:26:29]} Nef6 {[%clk 1:28:15]} 13. b4 {[%clk 1:19:30]} e5
{[%clk 1:26:13]} 14. e3 {[%clk 1:13:05]} e4 {[%clk 1:20:23]} 15. Nb3
{[%clk 1:08:40]} a4 {[%clk 1:18:27]} 16. Na5 {[%clk 1:03:57]} Qe8
{[%clk 1:05:12]} 17. b5 {[%clk 0:55:16]} Nb8 {[%clk 1:02:09]} 18. c5
{[%clk 0:53:16]} Qxb5 {[%clk 0:34:21]} 19. Rb1 {[%clk 0:50:45]} Qa6
{[%clk 0:34:26]} 20. cxd6 {[%clk 0:43:48]} cxd6 {[%clk 0:34:30]} 21. Qxa4
{[%clk 0:41:57]} b6 {[%clk 0:26:45]} 22. Qb3+ {[%clk 0:35:24]} d5
{[%clk 0:26:36]} 23. Qxb6 {[%clk 0:34:03]} Qxb6 {[%clk 0:26:32]} 24. Rxb6
{[%clk 0:33:48]} Nbd7 {[%clk 0:24:54]} 25. Rd6 {[%clk 0:31:38]} Ba6
{[%clk 0:23:05]} 26. Bb4 {[%clk 0:30:11]} Bxf1 {[%clk 0:22:37]} 27. Bxf1
{[%clk 0:30:18]} Rf7 {[%clk 0:16:42]} 1/2-1/2

[Event "HSG Open 2016"]
[Site "Hilversum"]
[Date "2016.06.18"]
[Round "4.4"]
[White "Peng, Zhaoqin"]
[Black "Hendriks, Willy"]
[Result "0-1"]
[BlackElo "2406"]
[WhiteElo "2379"]
[LiveChessVersion "1.4.8"]

1. d4 c5 2. d5 e6 3. e4 Nf6 4. Nc3 d6 5. Nf3 exd5 6. exd5 Be7 7. Be2 O-O 8. O-O
Na6 9. h3 Nc7 10. Rb1 b6 11. a4 Bb7 12. Bc4 Re8 13. Re1 Qd7 14. Qd3 h6 15. Bd2
Bf8 16. Rxe8 Rxe8 17. b4 cxb4 18. Rxb4 Qc8 19. Be3 Qa8 20. Qf5 Bc8 21. Qd3 Bb7
22. Qf5 Ncxd5 23. Nxd5 Bxd5 24. Bd3 Be6 25. Qb5 Bd7 26. Qa6 Nd5 27. Re4 Nxe3 28.
Rxe3 Rxe3 29. fxe3 Bxh3 30. Kf2 Be6 31. Qb5 g6 32. c4 d5 33. Nd4 dxc4 34. Bxg6
Qd5 35. Nxe6 Qxb5 36. axb5 fxg6 37. Nd8 h5 38. Nc6 g5 39. Ne5 c3 40. Ke2 Bg7 41.
Nc6 h4 42. Nb4 g4 43. Nd3 h3 44. gxh3 gxh3 45. Kf3 h2 46. Kg2 c2 47. Kxh2 0-1

[Event "HSG Open 2016"]
[Site "Hilversum"]
[Date "2016.06.18"]
[Round "4.5"]
[White "Stark, Lars"]
[Black "Warmerdam, Max"]
[Result "1/2-1/2"]
[BlackElo "2382"]
[WhiteElo "2385"]
[LiveChessVersion "1.4.8"]

1. c4 Nf6 2. g3 g6 3. Bg2 Bg7 4. Nc3 O-O 5. d3 d6 6. e3 e5 7. Nge2 c6 8. e4 a6 9.
O-O b5 10. h3 Nbd7 11. Be3 Bb7 12. Qd2 Rb8 13. Ba7 Ra8 14. Be3 Rb8 15. Ba7 Rc8
16. Be3 Ba8 17. Bg5 Qe8 18. Rae1 Nc5 19. Be3 Qe7 20. f4 Ncd7 21. b3 1/2-1/2

[Event "HSG Open 2016"]
[Site "Hilversum"]
[Date "2016.06.18"]
[Round "4.6"]
[White "Leenhouts, Koen"]
[Black "De Boer, Eelke"]
[Result "1-0"]
[BlackElo "2168"]
[WhiteElo "2488"]
[LiveChessVersion "1.4.8"]

1. d4 {[%clk 1:44:26]} e6 {[%clk 1:50:13]} 2. Nf3 {[%clk 1:44:29]} f5
{[%clk 1:50:13]} 3. Bf4 {[%clk 1:44:36]} Nf6 {[%clk 1:49:58]} 4. h3
{[%clk 1:44:31]} g6 {[%clk 1:46:49]} 5. e3 {[%clk 1:44:29]} Bg7 {[%clk 1:46:33]}
6. Be2 {[%clk 1:44:31]} O-O {[%clk 1:46:04]} 7. O-O {[%clk 1:44:27]} d6
{[%clk 1:45:12]} 8. c4 {[%clk 1:44:25]} Qe7 {[%clk 1:36:53]} 9. Nc3
{[%clk 1:43:42]} Nc6 {[%clk 1:36:17]} 10. Bh2 {[%clk 1:36:27]} e5
{[%clk 1:27:34]} 11. Nd5 {[%clk 1:35:31]} Nxd5 {[%clk 1:24:44]} 12. cxd5
{[%clk 1:35:30]} Nd8 {[%clk 1:23:56]} 13. dxe5 {[%clk 1:35:16]} dxe5
{[%clk 1:23:56]} 14. Rc1 {[%clk 1:34:17]} h6 {[%clk 1:16:55]} 15. Qb3
{[%clk 1:29:15]} Rf7 {[%clk 1:12:20]} 16. Rc2 {[%clk 1:25:32]} Kh7
{[%clk 1:07:41]} 17. Rfc1 {[%clk 1:21:18]} c6 {[%clk 1:04:39]} 18. Bc4
{[%clk 1:13:32]} Rf8 {[%clk 1:02:42]} 19. dxc6 {[%clk 1:04:39]} Nxc6
{[%clk 1:02:33]} 20. Bd5 {[%clk 1:04:15]} Bd7 {[%clk 1:01:05]} 21. Rc5
{[%clk 0:59:15]} Rfc8 {[%clk 0:54:31]} 22. Bxc6 {[%clk 0:51:16]} Rxc6
{[%clk 0:52:05]} 23. Rxc6 {[%clk 0:50:57]} Bxc6 {[%clk 0:52:09]} 24. Bxe5
{[%clk 0:50:22]} Bxf3 {[%clk 0:39:27]} 25. Bxg7 {[%clk 0:50:23]} Bxg2
{[%clk 0:39:19]} 26. Bf6 {[%clk 0:44:42]} Qxf6 {[%clk 0:39:15]} 27. Rc7+
{[%clk 0:44:38]} Kh8 {[%clk 0:39:19]} 28. Kxg2 {[%clk 0:44:30]} b6
{[%clk 0:37:09]} 29. Qf7 {[%clk 0:42:10]} Qxf7 {[%clk 0:36:09]} 30. Rxf7
{[%clk 0:42:14]} b5 {[%clk 0:33:15]} 31. Rb7 {[%clk 0:38:20]} a6 {[%clk 0:32:42]}
32. h4 {[%clk 0:37:22]} Kg8 {[%clk 0:27:54]} 33. b3 {[%clk 0:33:06]} Kf8
{[%clk 0:24:55]} 34. Kf3 {[%clk 0:32:51]} Kg8 {[%clk 0:24:36]} 35. Kf4
{[%clk 0:32:48]} Rc8 {[%clk 0:22:03]} 36. Rb6 {[%clk 0:30:21]} Rc2
{[%clk 0:21:16]} 37. Rxg6+ {[%clk 0:29:45]} Kh7 {[%clk 0:21:01]} 38. Rxa6
{[%clk 0:29:46]} Rxf2+ {[%clk 0:21:03]} 39. Ke5 {[%clk 0:29:36]} Rf3
{[%clk 0:16:50]} 40. Kf6 {[%clk 0:28:53]} Rxe3 {[%clk 0:16:14]} 41. Ra7+
{[%clk 0:28:46]} Kg8 {[%clk 0:16:00]} 42. Kxf5 {[%clk 0:28:43]} Rh3
{[%clk 0:14:55]} 43. Kg6 {[%clk 0:28:33]} Kf8 {[%clk 0:14:03]} 44. h5
{[%clk 0:28:31]} Rg3+ {[%clk 0:12:26]} 45. Kxh6 {[%clk 0:28:34]} b4
{[%clk 0:12:04]} 46. Kh7 {[%clk 0:27:31]} Rg2 {[%clk 0:11:17]} 47. h6
{[%clk 0:27:02]} Rf2 {[%clk 0:10:35]} 48. Kg6 {[%clk 0:26:57]} Rg2+
{[%clk 0:10:34]} 49. Kf6 {[%clk 0:26:58]} Rf2+ {[%clk 0:10:31]} 50. Ke5
{[%clk 0:26:45]} Ke7 {[%clk 0:10:17]} 51. Ke4+ 1-0

[Event "HSG Open 2016"]
[Site "Hilversum"]
[Date "2016.06.18"]
[Round "4.7"]
[White "Kuipers, Stefan"]
[Black "Roebers, Jan"]
[Result "1-0"]
[BlackElo "2164"]
[WhiteElo "2409"]
[LiveChessVersion "1.4.8"]

1. e4 {[%clk 1:50:18]} e5 {[%clk 1:50:09]} 2. Nf3 {[%clk 1:50:23]} Nc6
{[%clk 1:50:15]} 3. Bb5 {[%clk 1:50:26]} a6 {[%clk 1:50:18]} 4. Ba4
{[%clk 1:50:32]} Nf6 {[%clk 1:50:17]} 5. d3 {[%clk 1:50:36]} Bc5 {[%clk 1:46:22]}
6. O-O {[%clk 1:49:53]} b5 {[%clk 1:46:09]} 7. Bb3 {[%clk 1:49:57]} d6
{[%clk 1:44:59]} 8. a3 {[%clk 1:49:02]} Be6 {[%clk 1:29:30]} 9. Bxe6
{[%clk 1:44:05]} fxe6 10. Be3 Ba7 {[%clk 1:24:21]} 11. Nc3 {[%clk 1:36:50]} O-O
{[%clk 1:22:54]} 12. Bxa7 {[%clk 1:34:30]} Rxa7 {[%clk 1:17:05]} 13. d4
{[%clk 1:33:27]} Qe8 {[%clk 1:08:36]} 14. dxe5 {[%clk 1:29:35]} dxe5
{[%clk 1:08:09]} 15. Qd3 {[%clk 1:28:02]} Ra8 {[%clk 1:04:52]} 16. Ne2
{[%clk 1:26:46]} Rd8 {[%clk 1:00:00]} 17. Qe3 {[%clk 1:25:52]} Nh5
{[%clk 0:51:31]} 18. Qc5 {[%clk 1:19:56]} Rxf3 {[%clk 0:41:34]} 19. gxf3
{[%clk 1:19:49]} Rd2 {[%clk 0:41:21]} 20. Rfe1 {[%clk 1:06:27]} Rxe2
{[%clk 0:21:50]} 21. Rxe2 {[%clk 1:06:24]} Nf4 {[%clk 0:21:27]} 22. Kf1
{[%clk 1:04:49]} Nd4 {[%clk 0:21:12]} 23. Rd2 {[%clk 0:58:37]} Nxf3
{[%clk 0:14:49]} 24. Rd3 {[%clk 0:54:11]} Nxd3 {[%clk 0:12:22]} 25. cxd3
{[%clk 0:54:14]} Nxh2+ {[%clk 0:11:16]} 26. Kg2 {[%clk 0:53:31]} Qh5
{[%clk 0:10:33]} 27. Qe7 {[%clk 0:49:35]} Qf3+ {[%clk 0:09:30]} 28. Kg1
{[%clk 0:49:40]} g6 {[%clk 0:07:55]} 29. Qxe6+ {[%clk 0:49:06]} Kf8
{[%clk 0:07:26]} 30. Qc8+ {[%clk 0:47:25]} Kg7 {[%clk 0:07:10]} 31. Qxc7+
{[%clk 0:47:23]} Kh6 {[%clk 0:07:10]} 32. Qxe5 {[%clk 0:46:05]} Qxf2+
{[%clk 0:07:14]} 33. Kxf2 {[%clk 0:45:58]} Ng4+ {[%clk 0:07:21]} 34. Kg3
{[%clk 0:45:41]} Nxe5 1-0

[Event "HSG Open 2016"]
[Site "Hilversum"]
[Date "2016.06.18"]
[Round "4.8"]
[White "Vos, Tjark"]
[Black "Blees, Albert"]
[Result "0-1"]
[BlackElo "2403"]
[WhiteElo "2154"]
[LiveChessVersion "1.4.8"]

1. e4 {[%clk 1:50:18]} c5 {[%clk 1:49:48]} 2. Nf3 {[%clk 1:50:24]} e6
{[%clk 1:49:50]} 3. d4 {[%clk 1:50:31]} cxd4 {[%clk 1:49:54]} 4. Nxd4
{[%clk 1:50:37]} a6 {[%clk 1:49:49]} 5. Nc3 {[%clk 1:50:41]} d6 {[%clk 1:47:32]}
6. Be3 {[%clk 1:49:26]} Nd7 {[%clk 1:44:57]} 7. Qd2 {[%clk 1:46:30]} b5
{[%clk 1:44:23]} 8. f3 {[%clk 1:43:22]} Bb7 {[%clk 1:43:24]} 9. a4
{[%clk 1:38:54]} bxa4 {[%clk 1:40:26]} 10. Rxa4 {[%clk 1:34:35]} Ngf6
{[%clk 1:40:00]} 11. Be2 {[%clk 1:34:17]} Be7 {[%clk 1:35:55]} 12. O-O
{[%clk 1:34:09]} O-O {[%clk 1:35:41]} 13. Nb3 {[%clk 1:27:48]} Ne5
{[%clk 1:27:58]} 14. Na5 {[%clk 1:25:46]} Qc7 {[%clk 1:23:31]} 15. Nxb7
{[%clk 1:25:04]} Qxb7 {[%clk 1:23:33]} 16. Rfa1 {[%clk 1:24:29]} a5
{[%clk 1:16:51]} 17. b3 {[%clk 1:09:33]} Nc6 {[%clk 1:02:27]} 18. f4
{[%clk 1:01:28]} Rac8 {[%clk 0:53:11]} 19. Bf3 {[%clk 0:57:52]} Rfd8
{[%clk 0:53:02]} 20. Qf2 {[%clk 0:49:03]} Nd7 {[%clk 0:52:19]} 21. Ne2
{[%clk 0:42:02]} h6 {[%clk 0:47:58]} 22. Nd4 {[%clk 0:40:54]} Nxd4
{[%clk 0:45:21]} 23. Bxd4 {[%clk 0:40:34]} e5 {[%clk 0:45:19]} 24. fxe5
{[%clk 0:35:47]} dxe5 {[%clk 0:42:35]} 25. Be3 {[%clk 0:35:51]} Bb4
{[%clk 0:41:37]} 26. Kh1 {[%clk 0:31:21]} Nc5 {[%clk 0:37:11]} 27. Bxc5
{[%clk 0:23:37]} Rxc5 {[%clk 0:36:24]} 28. Rf1 {[%clk 0:22:02]} Rd2
{[%clk 0:35:10]} 29. Qg3 {[%clk 0:20:31]} Rdxc2 {[%clk 0:33:02]} 30. Bh5
{[%clk 0:19:26]} Rc1 {[%clk 0:32:22]} 31. Ra1 {[%clk 0:18:59]} Rxa1
{[%clk 0:32:13]} 32. Rxa1 {[%clk 0:19:05]} Qxe4 {[%clk 0:31:17]} 33. Rf1
{[%clk 0:18:24]} g6 {[%clk 0:30:22]} 34. Bg4 {[%clk 0:14:16]} Rc2
{[%clk 0:26:01]} 35. h3 {[%clk 0:12:21]} Bd2 {[%clk 0:18:25]} 36. Bf5
{[%clk 0:05:58]} Qe2 {[%clk 0:17:36]} 37. Bd3 {[%clk 0:06:05]} Bf4
{[%clk 0:14:04]} 38. Bxe2 {[%clk 0:02:08]} Bxg3 {[%clk 0:14:05]} 39. Bc4
{[%clk 0:02:16]} Bf2 {[%clk 0:12:24]} 40. Ra1 {[%clk 0:01:27]} Kg7
{[%clk 0:09:22]} 41. Rxa5 {[%clk 0:01:13]} Rc1+ {[%clk 0:09:18]} 42. Kh2
{[%clk 0:01:22]} Bg1+ {[%clk 0:09:22]} 43. Kg3 {[%clk 0:01:26]} Rc3+
{[%clk 0:09:28]} 44. Kg4 {[%clk 0:01:04]} f5+ {[%clk 0:09:20]} 45. Kh4
{[%clk 0:01:09]} Bf2+ {[%clk 0:09:24]} 46. g3 {[%clk 0:01:16]} Bxg3#
{[%clk 0:09:29]} 0-1